Lịch sử kháng chiến chống thực dân Pháp của quân và dân Khu Tây Bắc (1945-1954)
Spremljeno u:
| Glavni autor: | |
|---|---|
| Format: | Knjiga |
| Jezik: | Undetermined |
| Izdano: |
Hà Nội
Khoa học Xã hội
2003
|
| Teme: | |
| Oznake: |
Dodaj oznaku
Bez oznaka, Budi prvi tko označuje ovaj zapis!
|
| Thư viện lưu trữ: | Trung tâm Học liệu Trường Đại học Cần Thơ |
|---|
| LEADER | 00696nam a2200217Ia 4500 | ||
|---|---|---|---|
| 001 | CTU_87353 | ||
| 008 | 210402s9999 xx 000 0 und d | ||
| 020 | |c 56000 | ||
| 082 | |a 959.703 | ||
| 082 | |b L561 | ||
| 100 | |a Cao, Văn Lượng | ||
| 245 | 0 | |a Lịch sử kháng chiến chống thực dân Pháp của quân và dân Khu Tây Bắc (1945-1954) | |
| 245 | 0 | |c Cao Văn Lượng, Nguyễn Văn Nhật, Võ Kim Cương | |
| 260 | |a Hà Nội | ||
| 260 | |b Khoa học Xã hội | ||
| 260 | |c 2003 | ||
| 650 | |a Vietnam | ||
| 650 | |x History | ||
| 650 | |y 1945-1954 | ||
| 904 | |i Trúc | ||
| 980 | |a Trung tâm Học liệu Trường Đại học Cần Thơ | ||